00622nam a2200205Ia 450000500170000000800410001702000150005808200230007310000110009624500730010726000400018030000180022065000100023865000180024865000110026665000190027794200060029695200990030299900150040120250325065415.0240331s9999 xx 000 0 und d a0415128013 a302.234bANG25171 aAng, I 0aLiving Room Wars:bRethinking Media Audiences for a Postmodern World aLondon;aNew York,bRoutledgec1996 aviii, 208 p., aMedia aPostmodernism aGender aGlobal Culture cL 001040708LaWERCLbWERCLcSSCd2024-03-31l0o 302.234 ANGp5171r2024-03-31w2024-03-31yL c1150d1150